Paroles - Avenir - Louane - Statistiques

Statistiques générales
  • Ce quiz a été pris 336 fois
  • Le résultat moyen est 128 sur 178
Statistiques - réponses
Réponse % Correct
Je
94%
je
94%
de
93%
la
93%
m'a
92%
tu
92%
Tu
92%
pour
90%
Pour
90%
l'avenir
88%
demain
87%
et
87%
Et
87%
à
86%
que
86%
J'espère
85%
vas
85%
ce
84%
souffrir
84%
dormir
83%
mal
83%
écrire
81%
j'vais
81%
Pendant
81%
pendant
81%
temps
81%
fin
76%
ne
75%
saison
74%
est
73%
laissé
73%
m'as
73%
plus
73%
hier
72%
sans
71%
terminé
69%
tout
69%
loin
68%
trop
68%
raisons
67%
un
67%
le
66%
derrière
64%
n'veux
63%
soir
61%
Partie
60%
Les
58%
les
58%
m'avoir
58%
savoir
57%
d'un
55%
au
54%
me
54%
on
53%
parler
53%
aller
52%
en
52%
s'est
52%
lui
51%
couloir
50%
juste
50%
voulais
50%
éloigné
49%
fond
49%
sont
46%
Hypocrisie
44%
nos
44%
cassés
41%
Il
41%
verres
41%
coeurs
40%
défoncés
40%
mon
38%
espoirs
35%
fais
35%
rien
35%
envolés
34%
pensant
33%
dans
32%
bien
31%
t'ai
30%
oublié
28%
paraît
28%
trouve
28%
chemin
27%
pars
27%
voyager
27%
cherche
26%
seule
24%
rue
22%
Aucun quiz correspondant
Distribution des résultats
% des personnes avec chaque résultat
Percentile par nombre de réponses
Votre historique - résultats
Vous n’avez pas pris ce quiz